00372nam a2200133Ia 45000010005000000080041000050200022000460820020000681000023000882450060001112600025001719010027001969990015002232109241024s9999 xx 000 0 und d a978-9945-454-32-1 aRD/370.15/L318a aErasmo Lara Peña 0aApuntes y notas de psicología educativa para maestros bEditora Búhoc2011 a28/2/2012 9:23:44 a.m. c9270d9270